000
00292nam a2200109Ia 4500
008
180205s9999 xx 000 0 und d
020
_a
9782712352539
100
_a
Macelo, Gladys Glo H.
245
_a
Basic calculus /
260
_a
Recto Avenue
_b
REX book store
_c
2009
300
_a
iv, 302 pages
999
_c
354698
_d
354698